[Event "Festival Maggio"]
[Site "Roma ITA"]
[Date "1997.04.??"]
[Round "1"]
[White "Laudati, Adriano"]
[Black "Trangoni, Bruno"]
[Result "1-0"]
[WhiteElo "1852"]
[BlackElo "1704"]
[PlyCount "141"]
[EventDate "1997.04.30"]

1. d4 c6 2. e4 d5 3. Nc3 g6 4. Nf3 Bg7 5. Be2 dxe4 6. Nxe4 Bg4 7. c3 Nd7 8. O-O
Ngf6 9. Ng3 O-O 10. Re1 Qb6 11. h3 Bxf3 12. Bxf3 e6 13. Qc2 Rac8 14. a4 a5 15.
Nf1 Rfe8 16. Ne3 Nd5 17. g3 N7f6 18. Nc4 Qc7 19. Qb3 Nd7 20. Ne3 N7f6 21. Bg2
Nxe3 22. Bxe3 Nd5 23. Bxd5 exd5 24. Bf4 Qd7 25. Kg2 Re7 26. Qb6 Ra8 27. Rxe7
Qxe7 28. Qc7 Qxc7 29. Bxc7 f5 30. Ra3 Ra7 31. Bb6 Ra6 32. Rb3 Bf8 33. Bc7 Ra7
34. Bb8 Ra8 35. Rxb7 c5 36. dxc5 Bxc5 37. Be5 Re8 38. f4 Bf8 39. Rd7 Re6 40.
Rxd5 Rb6 41. Rb5 Rxb5 42. axb5 Bc5 43. b4 axb4 44. cxb4 Bb6 45. Bd6 Kf7 46. Bc5
Bd8 47. Ba7 Bf6 48. Kf3 Ke6 49. Ke3 Kd5 50. Kd3 Bb2 51. Bc5 Bc1 52. b6 Kc6 53.
Kc4 g5 54. fxg5 Bxg5 55. b5+ Kb7 56. Kd5 f4 57. gxf4 Bxf4 58. Ke4 Bg5 59. Kf5
Bd8 60. Kg4 Bf6 61. h4 Kc8 62. h5 Kb7 63. Kf5 Bd8 64. Ke6 Bg5 65. Kf7 h6 66.
Kg6 Bd2 67. Bf8 Kxb6 68. Bxh6 Bc3 69. Bg5 Kxb5 70. h6 Kc6 71. Bf6 1-0

[Event "Festival Maggio"]
[Site "Roma ITA"]
[Date "1997.04.??"]
[Round "1"]
[White "Lepri, Livio"]
[Black "Barro, Carlo"]
[Result "1-0"]
[WhiteElo "1999"]
[BlackElo "1762"]
[PlyCount "99"]
[EventDate "1997.04.30"]

1. c4 Nf6 2. Nc3 g6 3. Nf3 Bg7 4. g3 O-O 5. Bg2 d6 6. O-O Nbd7 7. d3 a6 8. Rb1
c5 9. a3 Rb8 10. b4 b6 11. Qc2 Bb7 12. Bd2 Bc6 13. b5 axb5 14. Nxb5 d5 15. Na7
Bb7 16. Ne1 h6 17. a4 e5 18. cxd5 Nxd5 19. Qa2 N7f6 20. a5 bxa5 21. Qxa5 Qxa5
22. Bxa5 Ba8 23. Nc2 Rfc8 24. Nxc8 Rxc8 25. Rb5 Bf8 26. Rfb1 Bc6 27. Rb8 Rxb8
28. Rxb8 Ba4 29. Ne3 Nb4 30. Bd8 Nd7 31. Ra8 Bb3 32. Be7 Kg7 33. Bxf8+ Nxf8 34.
Nc4 f6 35. Ra7+ Kg8 36. Ra3 Bd1 37. Kf1 Ne6 38. Ne3 Bc2 39. Nxc2 Nxc2 40. Ra5
Nb4 41. Ra7 Kf8 42. Ke1 f5 43. Kd2 Nd4 44. e3 Nb5 45. Rd7 e4 46. dxe4 Ke8 47.
Rb7 Nd6 48. Rc7 c4 49. e5 c3+ 50. Rxc3 1-0

[Event "Festival Maggio"]
[Site "Roma ITA"]
[Date "1997.04.??"]
[Round "1"]
[White "Michelena, Rodolfo"]
[Black "Diena, Giovanni"]
[Result "1-0"]
[WhiteElo "1822"]
[BlackElo "1540"]
[PlyCount "67"]
[EventDate "1997.04.30"]

1. b3 Nf6 2. Bb2 Nc6 3. c4 d6 4. Nf3 g6 5. e3 Bg7 6. d4 O-O 7. Bd3 Nb4 8. Be2
Bf5 9. Na3 c5 10. O-O a5 11. Nh4 Bd7 12. Nc2 Nxc2 13. Qxc2 cxd4 14. exd4 Qc7
15. Rac1 Rfc8 16. Bd3 Nh5 17. Nf3 Nf4 18. Rfe1 Nxd3 19. Qxd3 Bf5 20. Qe3 Re8
21. Nh4 Qd7 22. Qf4 e5 23. dxe5 dxe5 24. Bxe5 Qe6 25. Bc3 Qd7 26. Bxg7 Kxg7 27.
Nxf5+ gxf5 28. h3 Rad8 29. Re5 Kg6 30. Rce1 Rxe5 31. Qxe5 b6 32. Re3 Qd1+ 33.
Kh2 Qd6 34. Rg3+ 1-0

[Event "Festival Maggio"]
[Site "Roma ITA"]
[Date "1997.04.??"]
[Round "1"]
[White "Monteleone, Antonio"]
[Black "Mastropietro, Marco"]
[Result "0-1"]
[WhiteElo "2195"]
[BlackElo "1785"]
[PlyCount "58"]
[EventDate "1997.04.30"]

1. d4 Nf6 2. c4 c5 3. Nf3 cxd4 4. Nxd4 e5 5. Nb5 d5 6. cxd5 Bc5 7. e3 O-O 8.
N5c3 e4 9. Nd2 Qe7 10. a3 a5 11. Qc2 Bf5 12. h3 Rd8 13. g4 Bg6 14. Bg2 Nxd5 15.
Nxd5 Rxd5 16. Nxe4 Nc6 17. O-O Rad8 18. f4 f5 19. Nxc5 Rxc5 20. Qf2 fxg4 21.
hxg4 Rc2 22. Qe1 Be4 23. Bxe4 Qxe4 24. Rf2 Nd4 25. Qxa5 Nf3+ 26. Kg2 Rd1 27.
Rxc2 Ne5+ 28. Kg3 Qf3+ 29. Kh4 Qxg4# 0-1

[Event "Festival Maggio"]
[Site "Roma ITA"]
[Date "1997.04.??"]
[Round "1"]
[White "Moroni, Marco"]
[Black "Marzano, Carlo"]
[Result "0-1"]
[WhiteElo "1785"]
[BlackElo "2175"]
[PlyCount "76"]
[EventDate "1997.04.30"]

1. e4 e6 2. d4 d5 3. Nd2 dxe4 4. Nxe4 Nf6 5. Nxf6+ gxf6 6. Be3 b6 7. Qf3 c6 8.
Bd3 Bb7 9. Ne2 Nd7 10. Nf4 Bd6 11. Nh5 Qe7 12. Ng7+ Kd8 13. O-O-O Kc7 14. Nh5
f5 15. Rhe1 c5 16. Qe2 cxd4 17. Bxd4 Rhg8 18. Bb5 Bc6 19. Bxc6 Kxc6 20. Qf3+
Kc7 21. Qc3+ Kb7 22. Nf6 Nxf6 23. Bxf6 Qc7 24. Qf3+ Qc6 25. Rxd6 Qxf3 26. gxf3
Rg2 27. b4 Rxf2 28. Rd7+ Kc6 29. Rxf7 Kb5 30. Rc7 Kxb4 31. Kb2 Rxf3 32. Re5 b5
33. Rcc5 a6 34. Be7 Ka5 35. Rxe6 Re8 36. Rcc6 Ra8 37. a3 b4 38. Bxb4+ 38... Ka4
$138 0-1

[Event "Festival Maggio"]
[Site "Roma ITA"]
[Date "1997.04.??"]
[Round "1"]
[White "Passerotti, Pierluigi"]
[Black "Marta, Daniele"]
[Result "1-0"]
[WhiteElo "2300"]
[BlackElo "1807"]
[PlyCount "47"]
[EventDate "1997.04.30"]

1. d4 e6 2. Nf3 c5 3. e3 d5 4. b3 Nf6 5. Bd3 Be7 6. O-O O-O 7. Bb2 b6 8. Qe2
Nbd7 9. c4 Bb7 10. Nc3 Rc8 11. cxd5 cxd4 12. Nxd4 Nxd5 13. Nxd5 Bxd5 14. Ba6
Rb8 15. e4 Ba8 16. Rfd1 Qe8 17. Bb5 Bf6 18. Rac1 Qe7 19. Rc7 Rbd8 20. Rxa7 Qc5
21. Ba3 Qc3 22. Bxd7 Bxd4 23. Rc1 Rxd7 24. Rxd7 1-0

[Event "Festival Maggio"]
[Site "Roma ITA"]
[Date "1997.04.??"]
[Round "1"]
[White "Pece, Alberto"]
[Black "Steinfl, Alessandro"]
[Result "0-1"]
[WhiteElo "1800"]
[BlackElo "2240"]
[PlyCount "96"]
[EventDate "1997.04.30"]

1. Nf3 c5 2. e3 g6 3. d4 Bg7 4. Bd2 cxd4 5. Nxd4 Nc6 6. Bc3 Nf6 7. Nxc6 bxc6 8.
Be2 O-O 9. O-O Qc7 10. Nd2 e5 11. Nc4 Nd5 12. Ba5 Qb8 13. e4 Nf4 14. Bc3 Nxe2+
15. Qxe2 Ba6 16. Rfd1 Qb5 17. b3 d5 18. exd5 cxd5 19. a4 Qc5 20. Qe1 dxc4 21.
Bb4 Qc6 22. Bxf8 Rxf8 23. b4 Bb7 24. f3 e4 25. Ra3 exf3 26. Rxf3 Qb6+ 27. Qf2
Bxf3 28. Qxb6 axb6 29. gxf3 Ra8 30. a5 bxa5 31. bxa5 Rxa5 32. Rd2 c3 33. Rd8+
Bf8 34. Rc8 Rc5 35. Rd8 Kg7 36. Kg2 Be7 37. Ra8 Re5 38. Kf1 Rd5 39. Ra2 Rd2 40.
h4 Kf6 41. f4 Kf5 42. h5 Kxf4 43. hxg6 Kf3 44. Ra1 fxg6 45. Rc1 Bg5 46. Kg1
Be3+ 47. Kh1 Kg3 48. Rg1+ Bxg1 0-1

[Event "Festival Maggio"]
[Site "Roma ITA"]
[Date "1997.04.??"]
[Round "1"]
[White "Proietti, Giorgio"]
[Black "Petruccioli, Antonio"]
[Result "0-1"]
[WhiteElo "1717"]
[BlackElo "1926"]
[PlyCount "76"]
[EventDate "1997.04.30"]

1. d4 d5 2. Nf3 c6 3. c4 Nf6 4. Nc3 dxc4 5. a4 e6 6. e4 Bb4 7. Qc2 Qa5 8. Bd2
b5 9. g3 O-O 10. Bg2 Bxc3 11. Bxc3 b4 12. Bd2 Ba6 13. O-O Nbd7 14. e5 Nd5 15.
Ng5 g6 16. Ne4 f5 17. Ng5 Rae8 18. Rfc1 c5 19. Nxe6 cxd4 20. Nxf8 Nxf8 21. Re1
Ne6 22. Rac1 c3 23. bxc3 bxc3 24. Bh6 Rc8 25. Qb3 Bc4 26. Qb7 Qc5 27. Qd7 Ne7
28. Qd6 Kf7 29. Bf1 Bxf1 30. Qxc5 Nxc5 31. Rxf1 Nxa4 32. Ra1 Rc4 33. Rfb1 Ke6
34. Rb7 Nc6 35. f4 c2 36. Rc1 d3 37. Bf8 d2 38. Ba3 d1=Q+ 0-1

[Event "Festival Maggio"]
[Site "Roma ITA"]
[Date "1997.04.??"]
[Round "1"]
[White "Scacco, Mauro"]
[Black "Giangregorio, Pasquale"]
[Result "0-1"]
[WhiteElo "2035"]
[BlackElo "1767"]
[PlyCount "80"]
[EventDate "1997.04.30"]

1. e4 c6 2. Nc3 d5 3. Nf3 dxe4 4. Nxe4 Bg4 5. h3 Bh5 6. Bc4 e6 7. c3 Nd7 8. d4
Ngf6 9. Nxf6+ Qxf6 10. g4 Bg6 11. Qe2 Qe7 12. Bg5 Qd6 13. d5 cxd5 14. O-O-O Be7
15. Qe3 Bxg5 16. Nxg5 Qc5 17. Qxc5 Nxc5 18. Bb5+ Ke7 19. Rhe1 Rhd8 20. f4 h6
21. Nf3 Be4 22. Ne5 f6 23. Nd3 Nxd3+ 24. Bxd3 Bxd3 25. Rxd3 b5 26. Kd2 Rac8 27.
b3 a5 28. Rd4 Kd6 29. g5 hxg5 30. fxg5 e5 31. Rh4 Rh8 32. Rxh8 Rxh8 33. gxf6
gxf6 34. Rf1 Ke6 35. Rf3 Rh4 36. Ke3 f5 37. Kf2 b4 38. Kg3 Rh7 39. h4 e4 40.
Re3 Ke5 0-1

[Event "Festival Maggio"]
[Site "Roma ITA"]
[Date "1997.04.??"]
[Round "1"]
[White "Scagliarini, Valentina"]
[Black "Pezzaldi, Roberto"]
[Result "0-1"]
[WhiteElo "1771"]
[BlackElo "2105"]
[PlyCount "86"]
[EventDate "1997.04.30"]

1. e4 e6 2. d4 d5 3. exd5 exd5 4. Bd3 Bd6 5. c3 Nf6 6. Nf3 O-O 7. O-O Bg4 8.
Bg5 h6 9. Bh4 g5 10. Bg3 Bxg3 11. hxg3 Qd6 12. Nbd2 Nbd7 13. Qc2 Rfe8 14. Rfe1
Kg7 15. Nf1 Ne4 16. Ne3 f5 17. Nh2 Qf8 18. f3 Bh5 19. fxe4 dxe4 20. Be2 Bg6 21.
Rf1 f4 22. gxf4 gxf4 23. Nd5 f3 24. gxf3 Qd6 25. Bc4 b5 26. Qg2 bxc4 27. Ne3
exf3 28. Rxf3 Kh7 29. Nf5 Bxf5 30. Rxf5 Rg8 31. Ng4 Qg6 32. Rf4 Raf8 33. Rxf8
Nxf8 34. Ne3 Qe4 35. Qxg8+ Kxg8 36. Kf2 Ng6 37. Rg1 Kh7 38. Rg4 Nf4 39. Rg3
Nd3+ 40. Ke2 h5 41. Rh3 Kg6 42. Rg3+ Kh6 43. Rh3 Nf4+ 0-1

[Event "Festival Maggio"]
[Site "Roma ITA"]
[Date "1997.04.??"]
[Round "1"]
[White "Simeoni, Matteo"]
[Black "Quinto, Gianni"]
[Result "0-1"]
[WhiteElo "1797"]
[BlackElo "2195"]
[PlyCount "104"]
[EventDate "1997.04.30"]

1. e4 e6 2. d4 d5 3. Nc3 Bb4 4. Bd3 c5 5. exd5 Qxd5 6. Bd2 Bxc3 7. Bxc3 Qxg2 8.
Qf3 Qxf3 9. Nxf3 cxd4 10. Bxd4 f6 11. Rg1 Kf7 12. O-O-O Ne7 13. Bc5 Nd5 14. Be4
Nc6 15. Nh4 Nf4 16. Kb1 g5 17. Nf3 e5 18. Rd6 Be6 19. Rgd1 Rac8 20. c3 Rc7 21.
Ne1 Re8 22. Be3 h6 23. Nc2 f5 24. Bxc6 bxc6 25. Nb4 Bd5 26. Rxh6 Be4+ 27. Ka1
Kg7 28. Rdd6 a5 29. Bxf4 exf4 30. Rhg6+ Kh7 31. Na6 Rg7 32. Rxg7+ Kxg7 33. Nc7
Rh8 34. Ne6+ Kf6 35. Nxf4+ Kf7 36. Ne6 Rxh2 37. Nxg5+ Ke7 38. Rd1 Rxf2 39. Nxe4
fxe4 40. Kb1 Ke6 41. a4 Ke5 42. b4 e3 43. Re1 Ke4 44. bxa5 Kd3 45. Rd1+ Kxc3
46. a6 e2 47. Rc1+ Kd2 48. a7 Rf8 49. Rc2+ Kd3 50. Rc1 Kd2 51. Rc2+ Ke3 52.
Rc3+ Kf2 0-1

[Event "Festival Maggio"]
[Site "Roma ITA"]
[Date "1997.04.??"]
[Round "1"]
[White "Togni, Giampiero"]
[Black "Franchi, Jose' Maria"]
[Result "0-1"]
[WhiteElo "1701"]
[BlackElo "1846"]
[PlyCount "42"]
[EventDate "1997.04.30"]

1. d4 Nf6 2. c4 e6 3. Nf3 b6 4. g3 Bb7 5. Bg2 Be7 6. O-O O-O 7. Nbd2 c5 8. b3
d5 9. Bb2 Nc6 10. cxd5 exd5 11. e3 Rc8 12. a3 Ne4 13. dxc5 Nxc5 14. Qe2 Ba6 15.
Qd1 Bxf1 16. Bxf1 Bf6 17. Qc2 Bxb2 18. Qxb2 Ne4 19. Bh3 f5 20. Rd1 Qf6 21. Qa2
Nc3 0-1

[Event "Festival Maggio"]
[Site "Roma ITA"]
[Date "1997.04.??"]
[Round "2"]
[White "Barro, Carlo"]
[Black "Guarnieri, Giuseppe"]
[Result "1-0"]
[WhiteElo "1762"]
[BlackElo "1921"]
[PlyCount "93"]
[EventDate "1997.04.30"]

1. Nf3 Nf6 2. g3 g6 3. Bg2 Bg7 4. d4 d6 5. O-O O-O 6. c4 c6 7. Nc3 Bg4 8. h3
Bxf3 9. Bxf3 Nbd7 10. Rb1 e5 11. d5 c5 12. b3 Qe7 13. e4 Ne8 14. Bg2 f5 15. h4
Ndf6 16. b4 b6 17. bxc5 bxc5 18. Qa4 fxe4 19. Qc6 Rd8 20. Bh3 Qc7 21. Qxc7 Nxc7
22. Rb7 Na6 23. Bg5 h6 24. Bxf6 Rxf6 25. Nxe4 Rf3 26. Rxa7 Nb4 27. Bg4 Rd3 28.
Be2 Rd4 29. f3 Nc2 30. Rb1 Ne3 31. Rbb7 Bh8 32. Nxd6 Nf5 33. Nxf5 gxf5 34. a4
e4 35. f4 Rd2 36. Kf1 Rc2 37. Rb1 Ra2 38. a5 Bc3 39. a6 Bb4 40. Rd1 Ra3 41. d6
Rxg3 42. Kf2 Rg6 43. d7 Bc3 44. Ra8 Rxa8 45. d8=Q+ Rxd8 46. Rxd8+ Kg7 47. a7
1-0

[Event "Festival Maggio"]
[Site "Roma ITA"]
[Date "1997.04.??"]
[Round "2"]
[White "Campanile, Antonio"]
[Black "Fantazzini, Massimiliano"]
[Result "1-0"]
[WhiteElo "2200"]
[BlackElo "1753"]
[PlyCount "115"]
[EventDate "1997.04.30"]

1. c4 e5 2. Nc3 Nf6 3. g3 d5 4. cxd5 Nxd5 5. Bg2 Nb6 6. Nf3 Nc6 7. d3 Be7 8.
O-O O-O 9. Be3 Be6 10. Qc1 f6 11. Ne4 Qc8 12. Bc5 Rd8 13. Rd1 Nd5 14. Bxe7
Ndxe7 15. Nc5 Bd5 16. Qc3 b6 17. Nb3 Qe6 18. Nc1 Nd4 19. Nxd4 exd4 20. Bxd5
Rxd5 21. Qxc7 Nc6 22. Qf4 g5 23. Qf3 Re8 24. Nb3 f5 25. Rac1 Ne5 26. Qg2 Kh8
27. Rc7 Ng6 28. Rdc1 f4 29. Rc8 Rdd8 30. Rxd8 Rxd8 31. Qe4 Qxe4 32. dxe4 Ne5
33. f3 Rd7 34. Kf2 Kg7 35. gxf4 gxf4 36. Rd1 Nc6 37. Nc1 Ne5 38. Nd3 Nxd3+ 39.
Rxd3 Kf6 40. Ke1 Ke5 41. Kd2 Rd6 42. Rb3 a5 43. Rb5+ Ke6 44. Rh5 Kd7 45. Rxh7+
Kc6 46. Rh5 Rg6 47. Rf5 Rh6 48. Rxf4 Rxh2 49. Rf6+ Kc5 50. Rf5+ Kb4 51. Rd5 Kc4
52. b3+ Kb4 53. Rxd4+ Ka3 54. Ra4+ Kb2 55. b4 axb4 56. Rxb4+ Ka1 57. Rxb6 Rxe2+
58. Kxe2 1-0

[Event "Festival Maggio"]
[Site "Roma ITA"]
[Date "1997.04.??"]
[Round "2"]
[White "Cesarini, Lanfranco"]
[Black "Spano' Cuomo, Gaetano"]
[Result "1-0"]
[WhiteElo "1798"]
[BlackElo "1707"]
[PlyCount "44"]
[EventDate "1997.04.30"]

1. e4 e5 2. Nf3 Nc6 3. Bc4 Be7 4. O-O Nf6 5. d3 O-O 6. c3 d6 7. Nbd2 Na5 8. Bb5
c6 9. Ba4 b5 10. Bc2 c5 11. Re1 Nc6 12. Nf1 Re8 13. Bg5 Nh5 14. Bd2 g6 15. Qe2
Bg4 16. h3 Bxf3 17. Qxf3 Bg5 18. Bb3 Rf8 19. Ne3 Qf6 20. Qe2 Ne7 21. Ng4 Qg7
22. Bxg5 Rae8 1-0

[Event "Festival Maggio"]
[Site "Roma ITA"]
[Date "1997.04.??"]
[Round "2"]
[White "Diena, Giovanni"]
[Black "Simeoni, Matteo"]
[Result "0-1"]
[WhiteElo "1540"]
[BlackElo "1797"]
[PlyCount "128"]
[EventDate "1997.04.30"]

1. e4 c5 2. Nf3 d6 3. d4 cxd4 4. Nxd4 Nf6 5. Nc3 a6 6. Bg5 e6 7. f4 Be7 8. Qf3
Qc7 9. Bd3 Nbd7 10. Nb3 b5 11. a3 Bb7 12. h3 d5 13. exd5 Nxd5 14. Nxd5 Bxd5 15.
Be4 Bxg5 16. Bxd5 exd5 17. fxg5 O-O 18. O-O Nb6 19. c3 Qc4 20. Nd4 Rae8 21.
Rae1 Rxe1 22. Rxe1 Na4 23. Qf2 Nc5 24. Qe2 Qxe2 25. Rxe2 Ne4 26. h4 g6 27. Nf3
Kg7 28. Kh2 f6 29. Nd4 Re8 30. gxf6+ Kxf6 31. g3 Re5 32. Nf3 Rf5 33. Kg2 h6 34.
Nd4 Re5 35. Nc6 Re6 36. Nb4 Rd6 37. Nc2 g5 38. hxg5+ Nxg5 39. Rf2+ Ke5 40. Nd4
Ke4 41. Nf3 Ne6 42. Nh4 d4 43. Nf5 Rd5 44. Nxd4 Nxd4 45. Rf4+ Ke5 46. cxd4+
Rxd4 47. Rf2 a5 48. Rc2 Ke4 49. Kf2 Rd5 50. Ke2 Rh5 51. Kd2 Rh2+ 52. Kc3 Rxc2+
53. Kxc2 h5 54. Kc3 Kf3 55. Kd4 Kxg3 56. Kc5 h4 57. Kxb5 h3 58. Kxa5 h2 59. b4
h1=Q 60. b5 Qa8+ 61. Kb4 Kf4 62. a4 Ke5 63. a5 Kd5 64. a6 Qa7 0-1

[Event "Festival Maggio"]
[Site "Roma ITA"]
[Date "1997.04.??"]
[Round "2"]
[White "Esposito, Marco"]
[Black "Bono, Leonardo"]
[Result "1/2-1/2"]
[WhiteElo "1779"]
[BlackElo "1765"]
[PlyCount "83"]
[EventDate "1997.04.30"]

1. Nf3 d6 2. g3 g6 3. Bg2 Bg7 4. O-O f5 5. d4 Nf6 6. c4 O-O 7. Nc3 c6 8. Re1
Na6 9. e4 fxe4 10. Nxe4 Nxe4 11. Rxe4 Bf5 12. Re2 Bg4 13. Qd3 e5 14. Bg5 Rxf3
15. Bxf3 Qxg5 16. Bxg4 Qxg4 17. dxe5 Bxe5 18. Rae1 Rf8 19. Re4 Qf5 20. Qd2 Nc5
21. R4e3 Ne6 22. Kg2 Nd4 23. f4 Bxf4 24. Qxd4 Bxe3 25. Qxe3 Qc2+ 26. Qe2 Qxe2+
27. Rxe2 Kf7 28. Kf3 Kf6 29. Re4 Rf7 30. Re8 Kg5+ 31. Kg2 Rd7 32. Kf3 d5 33.
cxd5 cxd5 34. Ke3 d4+ 35. Kd3 Kg4 36. Re4+ Kh3 37. Rh4+ Kg2 38. g4 Kf3 39. g5
Kg2 40. b4 b5 41. Rxd4 Rf7 42. Rh4 1/2-1/2

[Event "Festival Maggio"]
[Site "Roma ITA"]
[Date "1997.04.??"]
[Round "2"]
[White "Franchi, Jose' Maria"]
[Black "Scagliarini, Bruno"]
[Result "1/2-1/2"]
[WhiteElo "1846"]
[BlackElo "1728"]
[PlyCount "77"]
[EventDate "1997.04.30"]

1. e4 e6 2. d4 d5 3. Nd2 dxe4 4. Nxe4 Nd7 5. Nf3 Ngf6 6. Bd3 Nxe4 7. Bxe4 Nf6
8. Bd3 c5 9. Bg5 h6 10. Bxf6 gxf6 11. c3 Bd7 12. Qe2 cxd4 13. Nxd4 Bc5 14. Nf5
Qc7 15. Ng7+ Kf8 16. Nh5 Qe5 17. O-O-O Qxe2 18. Bxe2 Bc6 19. Nxf6 Ke7 20. Ng4
Bxg2 21. Rhg1 Be4 22. Ne3 Rhg8 23. b4 Bb6 24. Kb2 Rxg1 25. Rxg1 Rd8 26. Rd1
Rxd1 27. Bxd1 f5 28. Be2 f4 29. Nd1 f3 30. Bf1 Kf6 31. c4 Bc7 32. h3 Bf4 33. c5
Bf5 34. Nc3 Be5 35. Kb3 Bf4 36. Kc4 Kg5 37. b5 Kh4 38. Bd3 Bxh3 39. Bf5 1/2-1/2

[Event "Festival Maggio"]
[Site "Roma ITA"]
[Date "1997.04.??"]
[Round "2"]
[White "Marta, Daniele"]
[Black "Proietti, Giorgio"]
[Result "1/2-1/2"]
[WhiteElo "1807"]
[BlackElo "1717"]
[PlyCount "85"]
[EventDate "1997.04.30"]

1. d4 d5 2. Nf3 Nf6 3. Bg5 e6 4. Nbd2 h6 5. Bxf6 Qxf6 6. e4 Qd8 7. c3 c5 8.
exd5 exd5 9. dxc5 Bxc5 10. Nb3 Qb6 11. Nxc5 Qxc5 12. Qd4 Qxd4 13. Nxd4 Nc6 14.
O-O-O O-O 15. g3 Be6 16. Bg2 Rac8 17. Rhe1 Rfe8 18. Re3 Kf8 19. Nxe6+ fxe6 20.
Bh3 Kf7 21. Rde1 Nd8 22. Kd2 Rc7 23. f4 Rce7 24. Bg2 g6 25. h4 Nc6 26. Kd3 Rd8
27. R3e2 Rc8 28. h5 Rg8 29. Bh3 Nd8 30. Bg4 gxh5 31. Bxh5+ Kf6 32. Re3 Reg7 33.
g4 Rc7 34. b3 Rc6 35. Rh1 Rc7 36. Rhe1 Rc6 37. Rg1 Rc7 38. Re5 Nc6 39. g5+ hxg5
40. Rexg5 Rcg7 41. Rxg7 Rxg7 42. Rxg7 Kxg7 43. Bg4 1/2-1/2

[Event "Festival Maggio"]
[Site "Roma ITA"]
[Date "1997.04.??"]
[Round "2"]
[White "Marzano, Carlo"]
[Black "Farina, Saverio"]
[Result "0-1"]
[WhiteElo "2175"]
[BlackElo "2170"]
[PlyCount "136"]
[EventDate "1997.04.30"]

1. d4 d5 2. Bf4 c5 3. Nc3 Nc6 4. e3 Qa5 5. Qd2 cxd4 6. exd4 Bf5 7. Nf3 e6 8.
Bd3 Bxd3 9. Qxd3 Bb4 10. O-O Nf6 11. Ne2 Ne4 12. Ng3 Bd6 13. Bxd6 Nxd6 14. Nh5
g6 15. Nf6+ Ke7 16. Ng4 h5 17. Nge5 Nf5 18. Rfe1 Nxe5 19. Nxe5 Rac8 20. c3 Rhg8
21. a3 Qc7 22. Re2 g5 23. Rae1 Qd6 24. Qf3 g4 25. Qf4 Rg7 26. Nd3 Kf8 27. Re5
Qc7 28. Rxf5 exf5 29. Re8+ Kxe8 30. Qxf5 Qd7 31. Qxh5 Rg8 32. Ne5 Qe6 33. g3
Rc7 34. Qh7 Rg5 35. Qh8+ Ke7 36. Qb8 Qc8 37. Qxa7 Rxe5 38. dxe5 Qe6 39. Qe3 Qf5
40. h4 gxh3 41. Kh2 Rc6 42. Qa7 Kf8 43. Qe3 Kg7 44. f4 Qe4 45. Qxe4 dxe4 46.
Kxh3 Rh6+ 47. Kg2 f5 48. exf6+ Rxf6 49. Kf2 Kg6 50. Ke3 Kf5 51. g4+ Kxg4 52.
Kxe4 Rxf4+ 53. Kd5 Kf3 54. c4 Ke3 55. b4 Kd3 56. Kc5 Rxc4+ 57. Kb6 Kc3 58. Kxb7
Kb3 59. b5 Ka4 60. Ka6 Rc5 61. b6 Ra5+ 62. Kb7 Kb5 63. Kc7 Ka6 64. a4 Rxa4 65.
b7 Rc4+ 66. Kb8 Kb6 67. Ka8 Ra4+ 68. Kb8 Ra7 0-1

[Event "Festival Maggio"]
[Site "Roma ITA"]
[Date "1997.04.??"]
[Round "2"]
[White "Monteleone, Antonio"]
[Black "Moroni, Marco"]
[Result "1-0"]
[WhiteElo "2195"]
[BlackElo "1785"]
[PlyCount "87"]
[EventDate "1997.04.30"]

1. d4 d5 2. c4 e5 3. dxe5 d4 4. Nf3 Nc6 5. g3 Bb4+ 6. Bd2 Bxd2+ 7. Nbxd2 Bg4 8.
Bg2 Nge7 9. O-O O-O 10. Nb3 Bxf3 11. Bxf3 Rb8 12. Rc1 Re8 13. Bg2 Nf5 14. Qd3
g6 15. f4 Nb4 16. Qd2 Qe7 17. Nxd4 Rbd8 18. Nxf5 Rxd2 19. Nxe7+ Rxe7 20. a3 Nc6
21. b4 Nd4 22. Rcd1 Nxe2+ 23. Kh1 Rxd1 24. Rxd1 c6 25. Bf3 Nc3 26. Rd3 Na4 27.
c5 Rc7 28. Bd1 Nb2 29. Rd8+ Kg7 30. Bb3 b5 31. cxb6 axb6 32. Rd2 Ra7 33. Rxb2
Rxa3 34. Kg2 Kf8 35. Kf3 c5 36. bxc5 bxc5 37. Ke4 Ra7 38. Bd5 Ra4+ 39. Ke3 Ra7
40. Rb8+ Kg7 41. Rb7 Ra3+ 42. Kd2 Kh6 43. Rxf7 Ra4 44. e6 1-0

[Event "Festival Maggio"]
[Site "Roma ITA"]
[Date "1997.04.??"]
[Round "2"]
[White "Petruccioli, Antonio"]
[Black "Corvi, Marco"]
[Result "0-1"]
[WhiteElo "1926"]
[BlackElo "2235"]
[PlyCount "102"]
[EventDate "1997.04.30"]

1. e4 Nf6 2. e5 Nd5 3. d4 d6 4. Nf3 Bg4 5. Be2 e6 6. O-O Be7 7. h3 Bh5 8. exd6
cxd6 9. Re1 O-O 10. Nbd2 Nc6 11. Nf1 Rc8 12. c4 Nb6 13. b3 Bf6 14. Bb2 Bxf3 15.
Bxf3 d5 16. c5 Nd7 17. Rc1 b6 18. Qd2 bxc5 19. dxc5 Bxb2 20. Qxb2 Qa5 21. a3
Nxc5 22. b4 Na4 23. Qc2 Qa6 24. Be2 Nd4 25. Qxh7+ Kxh7 26. Bxa6 Rc3 27. Rxc3
Nxc3 28. Ne3 Rd8 29. Kf1 Nb3 30. Bd3+ g6 31. f3 Kg7 32. Kf2 e5 33. Nd1 Nxd1+
34. Rxd1 Rc8 35. a4 f5 36. Be2 Nd4 37. Bd3 Kf6 38. g3 Ne6 39. Bb1 d4 40. Bd3
Rc3 41. Ke2 e4 42. fxe4 fxe4 43. Ba6 Rxg3 44. Rf1+ Ke5 45. Bc8 Nf4+ 46. Ke1
Re3+ 47. Kd1 Ra3 48. Kc2 e3 49. Kb2 e2 50. Rg1 Re3 51. Rg5+ Kf6 0-1

[Event "Festival Maggio"]
[Site "Roma ITA"]
[Date "1997.04.??"]
[Round "2"]
[White "Pezzaldi, Roberto"]
[Black "Mastropietro, Marco"]
[Result "1/2-1/2"]
[WhiteElo "2105"]
[BlackElo "1785"]
[PlyCount "68"]
[EventDate "1997.04.30"]

1. c4 Nf6 2. Nf3 c5 3. Nc3 Nc6 4. d4 cxd4 5. Nxd4 Nxd4 6. Qxd4 d6 7. g3 Bd7 8.
Bg2 Bc6 9. e4 e6 10. O-O Be7 11. b4 O-O 12. b5 Bd7 13. Bb2 Qc7 14. Rac1 Rfc8
15. Nb1 Bf8 16. Rfd1 Be8 17. e5 dxe5 18. Qxe5 Nd7 19. Qe3 Rd8 20. Nc3 Nc5 21.
Ne4 Nxe4 22. Qxe4 Rxd1+ 23. Rxd1 Rd8 24. Rxd8 Qxd8 25. Qxb7 Qd1+ 26. Bf1 Qd2
27. Qb8 Qxb2 28. Qxe8 Qxa2 29. Qa8 Qa3 30. Kg2 g6 31. h4 h5 32. Be2 Kg7 33. Qe4
Qc5 34. f3 Be7 1/2-1/2

[Event "Festival Maggio"]
[Site "Roma ITA"]
[Date "1997.04.??"]
[Round "2"]
[White "Pienabarca, Nicola"]
[Black "Passerotti, Pierluigi"]
[Result "0-1"]
[WhiteElo "1950"]
[BlackElo "2300"]
[PlyCount "80"]
[EventDate "1997.04.30"]

1. d4 f5 2. Nf3 Nf6 3. g3 g6 4. Bg2 Bg7 5. O-O O-O 6. c4 d6 7. Nc3 c6 8. b3 Qe8
9. Bb2 Na6 10. a3 e5 11. dxe5 dxe5 12. Qc2 Nh5 13. Rad1 Be6 14. Na4 b5 15. cxb5
cxb5 16. Ng5 Rc8 17. Qd3 e4 18. Qd6 Rc6 19. Nxe6 Rxd6 20. Rxd6 bxa4 21. Bxg7
Nxg7 22. Nxf8 Kxf8 23. Rxa6 axb3 24. Rxa7 Ne6 25. Rxh7 Qc6 26. Rh8+ Ke7 27. Rb8
Qc2 28. h4 Nd4 29. a4 Qxe2 30. a5 Qa2 31. Rb7+ Ke6 32. Rb6+ Kd5 33. a6 Kc5 34.
Rb8 Qxa6 35. Rc1+ Kd6 36. Rd1 Ke5 37. Rb4 Ne2+ 38. Kh2 Nc3 39. Rc1 Qa3 40. Rc4
Qxc1 0-1

[Event "Festival Maggio"]
[Site "Roma ITA"]
[Date "1997.04.??"]
[Round "2"]
[White "Quimi, Marco"]
[Black "Di Lascio, Savino"]
[Result "1-0"]
[WhiteElo "2245"]
[BlackElo "1927"]
[PlyCount "71"]
[EventDate "1997.04.30"]

1. e4 c6 2. d4 d5 3. e5 Bf5 4. h4 h5 5. c4 e6 6. Nc3 Be7 7. cxd5 cxd5 8. Bd3
Bxd3 9. Qxd3 Qb6 10. Nf3 Nh6 11. Bxh6 Rxh6 12. O-O Rg6 13. Rfc1 Nc6 14. Ne2 Qd8
15. Nf4 Rg4 16. Nxh5 Bxh4 17. b4 g6 18. b5 Nxd4 19. Nxd4 gxh5 20. Nf3 Rc8 21.
Qh7 Bxf2+ 22. Kxf2 Qb6+ 23. Kf1 Qxb5+ 24. Kg1 Rcc4 25. Qh8+ Ke7 26. Rxc4 Rxc4
27. Qxh5 a5 28. Rf1 Qc5+ 29. Kh1 Kd7 30. Qxf7+ Qe7 31. Qh5 Kc6 32. Qh6 b5 33.
Ng5 Kc5 34. Nxe6+ Kb4 35. Qd2+ Ka4 36. Qd1+ 1-0

[Event "Festival Maggio"]
[Site "Roma ITA"]
[Date "1997.04.??"]
[Round "2"]
[White "Quinto, Gianni"]
[Black "Lepri, Livio"]
[Result "1/2-1/2"]
[WhiteElo "2195"]
[BlackElo "1999"]
[PlyCount "106"]
[EventDate "1997.04.30"]

1. d4 d5 2. c4 e6 3. Nc3 Nf6 4. Bg5 Be7 5. e3 Nbd7 6. Nf3 O-O 7. Qc2 c5 8.
O-O-O cxd4 9. exd4 a6 10. Kb1 Qc7 11. cxd5 exd5 12. Bd3 b5 13. Bxh7+ Kh8 14.
Rde1 Bd6 15. Bd3 b4 16. Ne2 Qxc2+ 17. Bxc2 Re8 18. Ng3 Bb7 19. Nf5 Bf8 20. Bxf6
Nxf6 21. Ne5 Kg8 22. Ba4 Rec8 23. f3 g6 24. Ne3 Rc7 25. Rc1 Rac8 26. Rxc7 Rxc7
27. Rc1 Rxc1+ 28. Kxc1 Bd6 29. Kc2 Kf8 30. Kb3 a5 31. Bb5 Ke7 32. Ka4 Bc7 33.
Nc2 Bb6 34. Nd3 Nd7 35. Na1 Nb8 36. Nc5 Ba8 37. Nc2 Nc6 38. Nb3 Kd6 39. h4 Bb7
40. g4 Ba8 41. h5 gxh5 42. gxh5 Ke6 43. h6 Kf6 44. Ne3 Nxd4 45. Ng4+ Kg6 46.
Bd3+ f5 47. Nxd4 Bxd4 48. Kxa5 Bxb2 49. Ne3 Bc3 50. Kb5 Kxh6 51. Nxf5+ Kg5 52.
Ne7 Kf4 53. Nc6 Bxc6+ 1/2-1/2